000 00332 a2200157 4500
001 161508
020 _a
040 _cMagnum
100 _aTelles, Carlos Queiroz
240 1 0 _aFerias na draculandia
_lpor
245 1 0 _aFerias na draculandia
362 0 _a1899
440 1 _aFTD
697 _aIJ/BRUXA, MISTERIO
942 _cBK
999 _c161508
_d161508